[Event "Russian Championship Superfinal"]
[Site "Moscow, Russia"]
[Date "2007.12.23"]
[Round "5"]
[White "GM Jakovenko, Dmitry(RUS)"]
[Black "GM Svidler, Peter(RUS)"]
[Result "1/2-1/2"]
[WhiteElo "2710"]
[BlackElo "2732"]
[Annotator "Ëåáåäåâ Âàñèëèé"]
[PlyCount "73"]
[EventDate "2007.12.23"]

1. e4 e5 2. Nf3 Nc6 3. Bb5 a6 4. Ba4 Nf6 5. O-O Be7 6. Re1 b5 7. Bb3 O-O 8. c3
{È?} d5 $1 {È âñ¸-òàêè Ìàðøàëë!} 9. exd5 Nxd5 10. Nxe5 Nxe5 11. Rxe5 c6 12. d4
{Ëþáîïûòíåéøèé ìîìåíò.} ({Êàê èçâåñòíî, íà Êóáêå ìèðà Àëåêñåé Øèðîâ ñòàâèë
î÷åíü ñëîæíûå ïðîáëåìû ïåðåä ñâîèìè ñîïåðíèêàìè ïîñëå ñêðîìíîãî} 12. d3 $5 Bd6
13. Re1 Bf5 14. Qf3 Qh4 15. g3 Qh3 16. Bxd5 cxd5 17. Qxd5 Rad8 18. Qg2 {
è ò.ä., ïîñëå ÷åãî íè Ñåðãåþ Êàðÿêèíó, íè Äìèòðèþ ßêîâåíêî íå óäàëîñü
ñäåëàòü äàæå íè÷üè!}) {Íàâåðíîå, Äìèòðèé, êàê îäèí èç ïîñòðàäàâøèõ îò Øèðîâà,
÷òî-òî òóò çà ÷¸ðíûõ îáíàðóæèë. Âèäèìî, òîæå ñàìîå, ÷òî è Ï¸òð Ñâèäëåð,
êîòîðûé áåç ñîìíåíèÿ áûë ãîòîâ ê òàêîìó ðàçâèòèþ ñîáûòèé} 12... Bd6 {
À òåïåðü ïîñìîòðèì êîãäà òóò ïîÿâèòüñÿ ÷òî-ëèáî íîâåíüêîå.} 13. Re1 Qh4 14. g3
Qh3 15. Be3 (15. Re4 $145) 15... Bg4 16. Qd3 Rae8 17. Nd2 Re6 (17... Qh5 18.
Qf1 Re7 19. a4 Rfe8 20. Bxd5 Qxd5 21. axb5 axb5 22. Bf4 Rxe1 23. Rxe1 Rxe1 24.
Qxe1 Bf8 25. Qe4 f6 26. Qxd5+ cxd5 27. Bc7 Kf7 28. Bb6 Bd6 29. Bc5 {
(1/2 Anand,V (2786) - Leko,P (2738)/Dortmund GER 2007).}) 18. Qf1 Qh5 19. f3
Rf6 (19... Nxe3 20. Qf2 Nd5 21. fxg4 Qxg4 22. Qf3 Qg5 23. Rxe6 fxe6 24. Ne4 Qg6
25. Qe2 Nf4 26. Qc2 Nh3+ 27. Kg2 Qg4 28. Bxe6+ Qxe6 29. Qb3 Nf4+ 30. gxf4 Qxb3
31. axb3 Bxf4 32. Rxa6 Rc8 33. Nc5 Kf7 34. Nd3 g5 35. Nxf4 gxf4 36. Kf3 Ke6 37.
Kxf4 Kd6 38. c4 Rf8+ 39. Ke3 Kc7 40. Ra7+ Kb6 41. Rxh7 Rf1 42. Rh6 Kb7 43. Rh5
Rb1 44. Kd3 bxc4+ 45. Kc2 {
(1-0 Kramnik,V (2772) - Aronian,L (2759)/Yerevan ARM 2007).}) 20. Bd1 Re8 21.
Bf4 Rxe1 22. Qxe1 Re6 23. Be5 Bh3 $1 $146 {Î÷åðåäíàÿ íîâèíêà â ãëàâíîì
âàðèàíòå Ìàðøàëëà, êîòîðàÿ ïî âñåé âèäèìîñòè óäåðæèâàåò ðàâíîâåñèå.} (23...
Bxe5 24. dxe5 Bf5 25. f4 Qg6 26. Qf2 f6 27. c4 bxc4 28. Nxc4 Bd3 29. Bb3 Qe8
30. Nd6 Qd7 31. Bxd5 cxd5 32. Qd4 fxe5 33. fxe5 Bb5 34. Rc1 Bc6 35. Qb6 Rxe5
36. Rxc6 Re1+ 37. Kf2 {(1-0 Becker,M - Henao,L/IECG 1995/MegaCorr4).}) 24. Qf2
{Ïîñëå ýòîãî ïðîáëåì ó ÷¸ðíûõ íå áóäåò. È ïîìîæåò èì â ýòîì íåáîëüøàÿ, íî
ñèìïàòè÷íàÿ òàêòèêà.} ({Ïðèíöèïèàëüíûì áûëî} 24. f4 {
ïîñëå ÷åãî ó ìíå ïîëó÷èëîñü ñëåäóþùåå.} Qg6 25. Qe4 $1 ({
âðîäå ëó÷øåå; ãîðàçäî õóæå} 25. Bf3 {èáî ïîñëå} f6 {
÷¸ðíûå çàõâàòûâàþò ãëàâíóþ ìàãèñòðàëü. Òàêèì âîò ïóò¸ì:} 26. Be4 Bf5 27.
Bxd6 Bxe4 28. Nxe4 Rxe4 29. Qf2 Qe8 $17) 25... Bf5 ({òåïåðü} 25... f6 {
ïðîñòî ñëàáî:} 26. Qxg6 hxg6 27. Bxd6 Rxd6 28. Ne4 {è ò.ä.}) 26. Qf3 ({ïîñëå} 
26. Qg2 Ne3 $1 {ïðîðûâ ÷¸ðíûõ ïî ëèíèè «å» íåèçáåæåí, ÷òî äà¸ò èì, êàê
ìèíèìóì, ðàâíóþ èãðó. Ê ïðèìåðó,} 27. Qxc6 Bf8 ({íî íå} 27... Nxd1 $4 28. d5
$18) 28. Qb7 Nxd1 29. Rxd1 f6 30. Bb8 Re2 $36) 26... Bf8 $1 {
È ñ âûãîäîé ðàçìåíÿòü ôåðçåé ó áåëûõ íå ïîëó÷èòñÿ:} 27. Qh5 (27. Bb3 $5 Bg4
28. Qg2 Qh5 $132) 27... Nxf4 $5 28. Qxg6 (28. Bxf4 $2 Re1+ 29. Kf2 Qxh5 30.
Bxh5 Rxa1 $19) 28... Nxg6 $11) 24... Bxe5 25. f4 Bxd4 $1 {
Âîò è óïîìÿíóòàÿ òàêòèêà.} 26. Bxh5 Bxf2+ 27. Kxf2 Nf6 28. Bf3 Kf8 {
Ýíäøïèëü, à ýòî çíà÷èò, ïîæàëòå íà âûõîä, â öåíòð, ñ âåùàìè, ãîñïîäà êîðîëè.}
({âñ¸ æå íå ìîãó óäåðæàòüñÿ, ÷òîáû ìàëåíüêîå òàêòè÷åñêèå çàâèõðåíèå íå
ïðåäúÿâèòü:} 28... Ng4+ $5 29. Kg1 $140 ({ïîñëå} 29. Bxg4 Bxg4 $11 {
, ïðè÷¸ì áèòàÿ}) 29... Re3 {Ïðåäëàãàÿ ïðîòèâíèêó ïëîòíåíüêî òàê ïîäçàêóñèòü.}
30. Bxc6 {, ïîñëå ÷åãî íàìå÷àåòñÿ ë¸ãêîå âòîðæåíèå:} Re2 31. Rd1 Ne3 32. Bf3
$1 Nxd1 33. Bxe2 Nxb2 {È â ñëó÷àå} 34. c4 Be6 35. cxb5 axb5 36. Bxb5 Bxa2 {
íà äîñêå ñòîèò âåëèêàÿ ñóøü, òî áèøü ïîëíîå ðàâåíñòâî ýòî.}) 29. Re1 ({
Ïåðåâîä êîíÿ íà d4 -} 29. Nb3 {íàäî îòëîæèòü äî ëó÷øèõ âðåì¸í ââèäó} Ng4+ 30.
Bxg4 $140 ({åñëè} 30. Kg1 {, òî} Re3 31. Bxc6 Re2 $36) 30... Bxg4 31. Nd4 Rh6
$1 {Ïðûã íàëåâî.} 32. h4 c5 33. Nb3 Rd6 $1 {
Ïðûã íàïðàâî, è ó ÷¸ðíûõ, ïî ìåíüøåé ìåðå, íå õóæå.}) 29... Rd6 30. Ne4 Nxe4+
31. Rxe4 Be6 {Íè÷üÿ íå çà ãîðàìè.} 32. a3 a5 33. Rd4 Rxd4 34. cxd4 Bd5 35.
Bxd5 cxd5 36. b4 axb4 37. axb4 1/2-1/2